000 01132nam a22002894a 4500
001 ebr10166986
003 CaPaEBR
006 m u
007 cr cn|||||||||
008 030321s2003 maua sb 001 0 eng
010 _z 2003048309
020 _z0750677341 (acid-free paper)
040 _aCaPaEBR
_cCaPaEBR
035 _a(OCoLC)162592819
050 1 4 _aTP155.5
_b.T788 2003eb
082 0 4 _a660/.2804
_221
100 1 _aTweeddale, Mark.
245 1 0 _aManaging risk and reliability of process plants
_h[electronic resource] /
_cMark Tweeddale.
260 _aBoston :
_bGulf Professional Pub.,
_cc2003.
300 _axv, 509 p. :
_bill.
504 _aIncludes bibliographical references and index.
533 _aElectronic reproduction.
_bPalo Alto, Calif. :
_cebrary,
_d2013.
_nAvailable via World Wide Web.
_nAccess may be limited to ebrary affiliated libraries.
650 0 _aChemical plants
_xManagement.
655 7 _aElectronic books.
_2local
710 2 _aebrary, Inc.
856 4 0 _uhttp://site.ebrary.com/lib/rucke/Doc?id=10166986
_zAn electronic book accessible through the World Wide Web; click to view
999 _c137489
_d137489